00343nam a2200133 a 450008200150000010000160001524500640003126000300009530000090012550000350013450500130016965000110018270000160019300a297.4bMUL aMulder, D C aOpenbaring En Rede in De Islamietishhe Filosofie Van Farabi aAmsterdambDrukkeric1949 a184p aincludes index and biblioraphy2 aarchives asufism1 aMulder, D C